000
00304nam a22001337a 4500
008
170324b xxu||||| |||| 00| 0 eng d
020
_a
9780736063654
041
_a
eng
080
_2
3RD
_a
615.83
100
_a
8
101
_a
SHM
245
_a
CONTEMPORARY SPORT MANAGEMENT
_c
PARKS, J.B
942
_2
udc
_c
BK
999
_c
8576
_d
8576